Top 10 imion Damskich w 2022 - Statystyki

Ogólne statystyki
  • Ten quiz został rozwiązany 157 razy
  • Średni wynik to 5 z 10
Statystyki odpowiedzi
Lp. Imię % Poprawnych
6 Julia
69%
2 Zuzanna
61%
1 Zofia
59%
5 Maja
55%
10 Lena
50%
3 Hanna
46%
7 Oliwia
45%
8 Alicja
33%
4 Laura
33%
9 Pola
31%
Nie znaleziono quizów pasujących do podanych kryteriów
Rozkład punktacji
Procent ludzi z każdym wynikiem
Percentyl według liczby udzielonych odpowiedzi
Twoja historia wyników
Nie rozwiązałeś tego quizu